| 000 | 00780nam a2200181Ia 4500 | ||
|---|---|---|---|
| 008 | 090123s9999 xx 000 0 und d | ||
| 082 | _b36806 | ||
| 100 | _aधर्माधिकारी चंद्रशेखर शंकर | ||
| 245 | _aसुर्योदयाची वाट पाहू या | ||
| 250 | _a1 | ||
| 260 |
_bअक्षरमुद्रा प्रकाशन _c2004 |
||
| 300 | _a208 | ||
| 600 | _aधर्माधिकारी चंद्रशेखर शंकर | ||
| 630 | _aसुर्योदयाची वाट पाहू या | ||
| 700 | _aधर्माधिकारी चंद्रशेखर शंकर | ||
| 730 | _aसुर्योदयाची वाट पाहू या | ||
| 942 | _cBOOK | ||
| 999 |
_c74873 _d74873 |
||